Anagrammes de pays - Statistiques

Statistiques générales
  • Ce quiz a été pris 94 fois
  • Le résultat moyen est 16 sur 20
Statistiques - réponses
Anagrammes Réponses % Correct
Sikoubézant Ouzbékistan
99%
Staet Sniu États-Unis
98%
Tiboujid Djibouti
96%
Aucb Cuba
95%
Isr Nkala Sri Lanka
95%
Wïatna Taiwan
94%
Rastuaile Australie
93%
Xemluburgo Luxembourg
93%
Lroseisbiésu Biélorussie
89%
Ileognom Mongolie
82%
Tuaunav Vanuatu
77%
Gloana Angola
76%
Dnagoua Ouganda
75%
Tgraenine Argentine
71%
Mhaasab Bahamas
68%
Ragauanic Nicaragua
67%
Nmaieoru Roumanie
65%
Mroit Nlaterio Timor oriental
48%
Mnaceoru Cameroun
45%
Lmasvide Maldives
38%
Aucun quiz correspondant
Distribution des résultats
% des personnes avec chaque résultat
Percentile par nombre de réponses
Votre historique - résultats
Vous n’avez pas pris ce quiz